00632nam a2200193Ia 45000010006000000050017000060080041000230410008000640820015000721000031000872450103001182600009002213000028002306500008002586540008002669420025002749990017002999520122003161989120260306172726.0260306t2021||||xx |||||||||||||| ||spa|| aESP a341.4bB24 aBarona Vilar, Silvia,eAUT 0aAlgoritmización del derecho y de la justicia :bde la inteligencia artificial a la smart justice c2021 a726 páginas :c24 cm. aGEN aCDE cLIBdJUSfJUS2ddcn c19891d19891 o341.4 B24p10802548UCSPt17052bVABaVABcPPd2026-06-03e6r2026-03-06 22:27:26l0w2026-03-06yLIB102ddc4000